banner-ar

الحوكمة الرشيدة فن ادارة المؤسسات عالية الجودة / (Record no. 62963)

MARC details
000 -الفاتح
حقل البيانات ثابتة الطول 00895nam a22002297a 4500
005 - وقت وتاريخ اخر تعامل مع التسجيلة
رقم الضبط 20240530110616.0
008 - عناصر البيانات ثابتة الطول - معلومات عامة
حقل البيانات ثابتة الطول 161123s2015 ua f b 000 0 ara d
017 ## - رقم الايداع القانونى
رقم الايداع القانونى 2015/22149
المصدر ( الهيئة المختصة) مصر. دار الكتب
020 ## - الرقم الدولى المعيارى للكتب
الرقم الدولى المعيارى للكتاب 9789777220675
040 ## - مصدر الفهرسة
وكالة الفهرسة الأصلية EG-CaGPL
وكالة النسخ EG-CaGPL
082 04 - رقم تصنيف ديوى العشرى
رقم الطبعة 21
رقم التصنيف 658.401\
رقم المادة م ح
100 0# - المدخل الرئيسى - إسم شخصى
الإسم الشخصى مدحت محمد محمود ابوالنصر
245 12 - بيان العنوان
العنوان الحوكمة الرشيدة فن ادارة المؤسسات عالية الجودة /
بيان المسئوليه,etc تاليف مدحت محمد محمود ابوالنصر
250 ## - بيان الطبعة
بيان الطبعة ط. 1
260 ## - PUBLICATION, DISTRIBUTION, ETC. (IMPRINT)
تاريخ النشر أو التوزيع 2015 .
300 ## - الوصف المادى
التعداد 187 ص. ؛
أبعاد الوعاء 24 سم.
650 07 - المدخل الاضافى بالموضوع-مصطلح موضوعى
مصدر الرأس أو المصطلح qrmak
مصطلح موضوعي المؤسسات
التقسيم الفرعي العام تنظيم و ادارة
651 ## - المدخل الاضافى بالموضوع - اسم جغرافى
مصدر الرأس أو المصطلح qrmak
653 04 - مصطلح تكشيفى غير مقيد
مصطلح غير مقيد المؤسسات - حوكمة
942 ## - عناصر المدخل الإضافي( كوها)
مصدر التصنيف او مخطط الترفيف Dewey Decimal Classification
Koha [default] item type كتاب
260 ## - PUBLICATION, DISTRIBUTION, ETC. (IMPRINT)
-- القاهرة :
-- المجموعة العربية للتدريب و النشر ،
Holdings
حالة التراجع حالة الفقد حالة تلف ليس للاعارة المكان المؤقت الموقع الحالى موقع الترفيف تاريخ الاكتساب اجمالي اﻻعارات رقم الطلب الباركود تاريخ اخر مشاهدة تاريخ تفعيل السعر نوع وعاء كوها
        مكتبة القاهرة الكبرى مكتبة القاهرة الكبرى   12/01/2016   658.401\ م ح 162899 12/01/2016 12/01/2016 كتاب

Powered By

EGPV